000 00867nam a2200289 a 4500
001 377
003 BR-CuiBMT
005 20231129135438.0
008 231102s2004 rjba 000 0 por d
020 _a8576260840
040 _aBR-CuiBMT
_cBR-CuiBMT
080 _22007
_a35:17
090 _a35:17
_bT157é
_c2. ed.
100 1 _aTámez, Carlos André Silva
245 1 0 _aÉtica na administração pública :
_bteoria e prática /
_cCarlos André Silva Támez, Leandro Cadenas Prado.
250 _a2. ed.
260 _aNiterói - RJ :
_bImpetus,
_c2004.
300 _a481 p. ;
_c24 cm
490 1 _aSérie provas e concursos ;
504 _aInclui bibliografia.
650 _aDireito Administrativo
_zBrasil
650 _aServiço público
_zBrasil
650 _aÉtica
700 1 _aPrado, Leandro Cadenas
830 0 _aProvas e concursos
942 _2udc
_cLV
999 _c377
_d377